000 00689nam a22001817a 4500
005 20170216152412.0
010 _aENG-117274
020 _a9788183227940
_c195.00
035 _aEN-100806
037 _bDBAD/PUB
082 _a154.2
100 _aMurphy,Joseph
245 _aPutting the power of your subconscious mind to work :
_cby Debanjan Kundu [and] Simantini Sircar
_bhow to reach new heights of success in your career using the power of your subconscious mind /
260 _aNew Delhi
_bManjul Publishing House
_c2017
270 _a7/32,Ground Floor,Ansari Road,Daryaganj
_bNew Delhi
_e110002
300 _axv,226p.
_c21cm(pbk)
942 _2ddc
_cEN
_mMUR
_h154.2
999 _c137656
_d137656